Najsilniejsze państwa podczas 1 wojny światowej. - Statystyki

Ogólne statystyki
  • Ten quiz został rozwiązany 41 razy
    23 od ostatniego zresetowania
  • Średni wynik to 11 z 15
Statystyki odpowiedzi
Miejsce Kraje % Poprawnych
5 Rosja
100%
3 USA
100%
2 WielkaBrytania
100%
4 Francja
95%
1 Niemcy
95%
7 Włochy
95%
9 Japonia
80%
6 Austro-Węgry
75%
10 Serbia
70%
11 Bułgaria
65%
8 ImperiumOsmańskie
60%
13 Belgia
55%
14 Grecja
55%
12 Rumunia
55%
15 Portugalia
35%
Nie znaleziono quizów pasujących do podanych kryteriów
Rozkład punktacji
Procent ludzi z każdym wynikiem
Percentyl według liczby udzielonych odpowiedzi
Twoja historia wyników
Nie rozwiązałeś tego quizu od ostatniego zresetowania